| 000 | 00658nam a22001817a 4500 | ||
|---|---|---|---|
| 999 |
_c183811 _d183811 |
||
| 005 | 20220104154621.0 | ||
| 010 | _aENG-130950 | ||
| 020 |
_a978-93-5367-757-2 _c625.00 |
||
| 035 | _aEN-114482 | ||
| 037 | _bDBAD | ||
| 082 | _a660.6 | ||
| 100 | _aDeshmukh, Vishal P. | ||
| 245 |
_aM.Sc Biotechnology: _bEntrance Examinations/ _cVishal P. Deshmukh, Varsha V. Deshmukh, Vivek R. Narkhedkar, Edited by Prashant V. Thakare |
||
| 260 |
_aMumbai _bHimalaya Publishing House Pvt Ltd _c2019 |
||
| 270 |
_bMumbai _e400004 _aRamdoot, Dr. Bhalerao Marg, Girgaon _mhimpub@bharatmail.co.in |
||
| 300 |
_a413p _c24cm(pbk) |
||
| 942 |
_2ddc _cEN _h660.6 _mBIO |
||